书目信息 |
| 题名: |
信息时代的设计
|
|
| 作者: | 梁梅 著 | |
| 分册: | ||
| 出版信息: | 南京 东南大学出版社 2003.01 |
|
| 页数: | 288页 | |
| 开本: | 21cm | |
| 丛书名: | New design·设计前沿系列丛书 | |
| 单 册: | ||
| 中图分类: | TB472-09 , TB472 | |
| 科图分类: | ||
| 主题词: | 产品--设计--历史 , 产品 , 设计 | |
| 电子资源: | ||
| ISBN: | 7-81050-683-8 | |
| 000 | 00814nam2 2200277 45 | |
| 001 | 012004000000 | |
| 005 | 20041028163035.23 | |
| 010 | @a7-81050-683-8@dCNY 40.00 | |
| 100 | @a20040910d2003 em y0chiy0121 ea | |
| 101 | 0 | @achi |
| 102 | @aCN@b320000 | |
| 105 | @aaf z 000yy | |
| 200 | 1 | @a信息时代的设计@Axin xi shi dai de she ji@dDesign in the information age@f梁梅著@zeng |
| 210 | @a南京@c东南大学出版社@d2003.01 | |
| 215 | @a288页@c图@d21cm | |
| 225 | 2 | @aNew design·设计前沿系列丛书 |
| 410 | 0 | @12001 @aNew design·设计前沿系列丛书 |
| 510 | 1 | @aDesign in the information age@zeng |
| 606 | 0 | @a产品@x设计@x历史 |
| 606 | 0 | @a产品 |
| 606 | 0 | @a设计 |
| 690 | @aTB472-09@v4 | |
| 690 | @aTB472@v3 | |
| 701 | 0 | @a梁梅@Aliang mei@4著 |
| 801 | 0 | @aCN@bQSSKt@c20041028 |
| 905 | @a10447@dTB472@eL407 | |
| 信息时代的设计=Design in the information age/梁梅著.-南京:东南大学出版社,2003.01 |
| 288页:图;21cm.-(New design·设计前沿系列丛书) |
| ISBN 7-81050-683-8:CNY 40.00 |
| ● |
| 相关链接 |
|
|
|
正题名:信息时代的设计
索取号:TB472/L407
 
预约/预借
| 序号 | 登录号 | 条形码 | 馆藏地/架位号 | 状态 | 备注 |
| 1 | 423865 | 204238654 | 自科二线400A/400A自科库 30排1列3层/ [索取号:TB472/L407] | 在馆 | |
| 2 | 423866 | 204238663 | 自科库501/501自科库 16排2列4层/ [索取号:TB472/L407] | 在馆 | |
| 3 | 423867 | 204238672 | 自科库501/501自科库 16排2列4层/ [索取号:TB472/L407] | 在馆 |